2024-25 Bundesliga Teams - Statistics

General Stats
  • This quiz has been taken 70 times
  • The average score is 14 of 18
Answer Stats
Club % Correct
Bayern Munich
100%
Borussia Dortmund
100%
Bayer Leverkusen
92%
VFB Stuttgart
86%
Eintracht Frankfurt
85%
RB Leipzig
85%
Werder Bremen
85%
Wolfsburg
83%
Monchengladbach
80%
Union Berlin
80%
Hoffenheim
77%
VFL Bochum
77%
Mainz
75%
Heidenheim
74%
SC Freiburg
71%
Augsburg
69%
FC St. Pauli
69%
Holstein Kiel
42%
No matching quizzes found
Score Distribution
Percent of People with Each Score
Percentile by Number Answered
Your Score History
You have not taken this quiz